| 000 | 00799nam a22002657a 4500 | ||
|---|---|---|---|
| 999 |
_c17494 _d17494 |
||
| 001 | 1724232 | ||
| 003 | OSt | ||
| 005 | 20190417140416.0 | ||
| 008 | 740603s1974 dcua b 000 0 eng | ||
| 010 | _a 73019349 | ||
| 020 | _a0801815320 | ||
| 040 | _aSEKU | ||
| 050 | 0 | 0 |
_aTK 9203 _b.B7 C6 |
| 082 | 0 | 0 | _a621.48/34 |
| 100 | 1 | _aCochran, Thomas B. | |
| 245 | 1 | 4 |
_aThe liquid metal : _bfast breeder reactor; an environmental and economic critique / _cThomas B. Cochran. |
| 260 |
_a[Washington] : _bResources for the Future, Inc. , _cc1974. |
||
| 300 |
_a271 p. _billus. |
||
| 350 | _a$6.95 | ||
| 504 | _aIncludes bibliographical references. | ||
| 650 | 0 | _aBreeder reactors. | |
| 650 | 0 |
_aNuclear power plants _xEnvironmental aspects. |
|
| 740 | _aFast breeder reactor. | ||
| 942 |
_2lcc _cGEN |
||